| 000 | 00471nam a2200181Ia 4500 | ||
|---|---|---|---|
| 008 | 240925s9999 xx 000 0 und d | ||
| 020 | _a9789332556966 | ||
| 082 | _a381.41 KOH | ||
| 100 | _aKohls, Richard. | ||
| 245 | 0 | _aMarketing of Agricultural products | |
| 250 | _a9th | ||
| 260 |
_aNew Delhi: _bPearson Education _c,2016. |
||
| 300 |
_a274p. _b0 _fOriginal |
||
| 500 | _aIncludes Index | ||
| 600 | _aSocial Sciences | ||
| 650 | _aSocial Sciences | ||
| 942 | _cBK | ||
| 999 |
_c15836 _d15836 |
||